[Event "IV Open A"]
[Site "Gioiosa Marea ITA"]
[Date "1998.08.??"]
[Round "?"]
[White "De Santis, Alessio"]
[Black "Aleksic, Nenad"]
[Result "0-1"]
[WhiteElo "2350"]
[BlackElo "2445"]
[PlyCount "74"]
[EventDate "1998.08.30"]

1. d4 Nf6 2. Nf3 b6 3. e3 Bb7 4. Bd3 g6 5. Nbd2 c5 6. c3 Bg7 7. b4 O-O 8. a4 d6
9. Ba3 Nbd7 10. e4 cxd4 11. cxd4 e5 12. d5 Bxd5 13. exd5 e4 14. Be2 exf3 15.
Bxf3 Re8+ 16. Kf1 Ne5 17. Rb1 Rc8 18. g3 Nxf3 19. Nxf3 Qd7 20. Bb2 Qh3+ 21. Kg1
Ne4 22. Bxg7 Kxg7 23. Rc1 Kg8 24. Rxc8 Rxc8 25. Nd4 Rc4 26. Ne2 Rxb4 27. Nf4
Qf5 28. Kg2 Ng5 29. h4 Qe4+ 30. Kh2 Nf3+ 31. Kh3 h5 32. Rf1 Qf5+ 33. Kg2 Rxf4
34. Qb1 Nxh4+ 35. Kh2 Rxf2+ 36. Rxf2 Qxb1 37. gxh4 Qd3 0-1

[Event "IV Open A"]
[Site "Gioiosa Marea ITA"]
[Date "1998.08.??"]
[Round "?"]
[White "Fabiano, Giuseppe"]
[Black "De Santis, Alessio"]
[Result "0-1"]
[WhiteElo "2265"]
[BlackElo "2350"]
[PlyCount "64"]
[EventDate "1998.08.30"]

1. Nf3 d6 2. d4 Bg4 3. Bg5 h6 4. Bh4 g5 5. Bg3 Bg7 6. Nc3 Nd7 7. h4 c5 8. dxc5
Qa5 9. Qd2 Rc8 10. Nd4 Nxc5 11. e3 a6 12. hxg5 hxg5 13. Rxh8 Bxh8 14. f3 Bd7
15. Bd3 Nxd3+ 16. Qxd3 Nf6 17. O-O-O Bg7 18. Bf2 b5 19. e4 b4 20. Nb3 Qe5 21.
Nb1 Bb5 22. Qd4 Qh2 23. Qe3 g4 24. f4 Qxg2 25. N1d2 g3 26. Bxg3 Ng4 27. Qg1 Qe2
28. Kb1 Rxc2 29. Kxc2 Qd3+ 30. Kc1 Bxb2+ 31. Kxb2 Qc3+ 32. Kb1 Bd3# 0-1

[Event "IV Open A"]
[Site "Gioiosa Marea ITA"]
[Date "1998.08.??"]
[Round "?"]
[White "Fabiano, Giuseppe"]
[Black "Inkiov, Ventzislav V."]
[Result "1-0"]
[WhiteElo "2265"]
[BlackElo "2495"]
[PlyCount "35"]
[EventDate "1998.08.30"]

1. Nf3 Nf6 2. c4 e6 3. Nc3 d5 4. d4 Bb4 5. Bg5 dxc4 6. e3 b5 7. a4 c6 8. Be2
Nbd7 9. O-O Bxc3 10. bxc3 a6 11. Ne5 Bb7 12. f4 Qc7 13. f5 O-O 14. Nxd7 Nxd7
15. f6 Nxf6 16. Rxf6 gxf6 17. Bxf6 c5 18. Bd3 1-0

[Event "IV Open A"]
[Site "Gioiosa Marea ITA"]
[Date "1998.08.??"]
[Round "?"]
[White "Gueci, Riccardo"]
[Black "Scattareggia, Domenico"]
[Result "1-0"]
[WhiteElo "2165"]
[BlackElo "1797"]
[PlyCount "51"]
[EventDate "1998.08.30"]

1. e4 c5 2. Nf3 d6 3. d4 cxd4 4. Nxd4 Nf6 5. Nc3 Nc6 6. Be2 Bd7 7. O-O g6 8.
Be3 Bg7 9. Qd2 Ng4 10. Nxc6 bxc6 11. Bd4 Nf6 12. f4 c5 13. Be3 Ng4 14. Bxg4
Bxg4 15. f5 gxf5 16. exf5 Rg8 17. f6 Bxf6 18. Rxf6 exf6 19. Bf4 Be6 20. Re1 c4
21. Kh1 Rg6 22. Bxd6 Qd7 23. Qd5 Rd8 24. Nb5 a6 25. Nc7+ Qxc7 26. Rxe6+ 1-0

[Event "IV Open A"]
[Site "Gioiosa Marea ITA"]
[Date "1998.08.??"]
[Round "?"]
[White "Lazarev, Vladimir"]
[Black "De Santis, Alessio"]
[Result "1-0"]
[WhiteElo "2450"]
[BlackElo "2350"]
[PlyCount "89"]
[EventDate "1998.08.30"]

1. d4 d6 2. c4 e5 3. Nf3 e4 4. Ng5 f5 5. Nc3 c6 6. d5 Be7 7. Nh3 Nf6 8. g3 Na6
9. Bg2 O-O 10. O-O Nc7 11. Nf4 Nd7 12. f3 exf3 13. exf3 Ne5 14. dxc6 bxc6 15.
b3 a5 16. Na4 Rb8 17. Bb2 Rb4 18. c5 Rxf4 19. gxf4 Ng6 20. cxd6 Bxd6 21. Rc1
Nd5 22. Qd4 Rf7 23. Rxc6 Ngxf4 24. Re1 Bd7 25. Rc2 Qh4 26. Rec1 Bxa4 27. Qxa4
Re7 28. Qxa5 Ne3 29. Qd8+ Kf7 30. Qxd6 Nxc2 31. Bf1 Qg5+ 32. Kh1 Ne3 33. Ba3
Re6 34. Qd7+ Kg6 35. Rc6 Nxf1 36. Rxe6+ Nxe6 37. Qxe6+ Kh5 38. Qe2 Ne3 39. f4+
Qg4 40. Qxe3 Qd1+ 41. Kg2 Qc2+ 42. Kg3 Qxa2 43. Bc5 Qc2 44. b4 h6 45. Qe8+ 1-0

[Event "XL Festival A"]
[Site "Imperia ITA"]
[Date "1998.08.??"]
[Round "?"]
[White "Aleksieva, Silvia"]
[Black "Arlandi, Ennio"]
[WhiteElo "2335"]
[BlackElo "2440"]
[Result "0-1"]
[PlyCount "84"]
[EventDate "1998.08.30"]

1. c4 g6 2. Nc3 Bg7 3. g3 e5 4. Bg2 d6 5. d3 f5 6. Qd2 a5 7. b3 Nf6 8. Bb2 O-O
9. f4 exf4 10. gxf4 c6 11. Nf3 Nbd7 12. Rc1 Nc5 13. Ba1 Qb6 14. Nd1 Re8 15. Bd4
Nh5 16. Bxg7 Kxg7 17. Nf2 Qb4 18. Kd1 Qxd2+ 19. Nxd2 Nxf4 20. Bf3 Nfe6 21. Re1
Bd7 22. Bh1 Re7 23. Nf3 Rae8 24. Kd2 g5 25. e3 g4 26. Nh4 Ng5 27. d4 Nce4+ 28.
Bxe4 fxe4 29. Rg1 h5 30. h3 Rf7 31. Rg2 Ref8 32. Ke1 Kh6 33. hxg4 hxg4 34. Ke2
g3 35. Nh1 Kh5 36. Nxg3+ Kxh4 37. Rh1+ Bh3 38. Rhh2 Rf3 39. Nh1 d5 40. Nf2 Rg3
41. Nxh3 Nxh3 42. c5 Rff3 0-1

[Event "XL Festival A"]
[Site "Imperia ITA"]
[Date "1998.08.??"]
[Round "?"]
[White "Pernigotti, Carlo"]
[Black "Cirabisi, Federico"]
[WhiteElo "1903"]
[BlackElo "2140"]
[Result "1-0"]
[PlyCount "103"]
[EventDate "1998.08.30"]

1. e4 Nf6 2. e5 Nd5 3. c4 Nb6 4. c5 Nd5 5. Bc4 e6 6. d4 d6 7. cxd6 cxd6 8. Nf3
Nc6 9. O-O Be7 10. Qe2 O-O 11. Qe4 b5 12. Bd3 g6 13. Bxb5 Bb7 14. Bh6 Re8 15.
Nc3 Qb6 16. Qe2 Nc7 17. Bxc6 Bxc6 18. Rfd1 Rab8 19. Rd2 Qb7 20. Re1 Red8 21. h3
a5 22. Ne4 Bxe4 23. Qxe4 d5 24. Qf4 Bb4 25. Rc2 Ne8 26. Rec1 a4 27. Ng5 Rd7 28.
a3 Ba5 29. Nxe6 Qa7 30. Rc8 Bd2 31. Qxd2 fxe6 32. R8c6 Rf7 33. Rxe6 Qd7 34.
Rec6 Qf5 35. R1c2 Ng7 36. Bxg7 Kxg7 37. Qe3 Rb3 38. R6c3 Rxc3 39. Qxc3 Qe4 40.
Rc1 h5 41. Qe3 Qf5 42. Re1 Rb7 43. e6 Re7 44. Qe5+ Qxe5 45. Rxe5 Kf6 46. Kf1
Rxe6 47. Rxe6+ Kxe6 48. Ke2 Kf5 49. Kd3 Kf4 50. b4 axb3 51. a4 b2 52. Kc2 1-0

[Event "XVIII Festival Conca della Presolana Magistrale"]
[Site "Bratto - Castione della Presolana ITA"]
[Date "1998.08.??"]
[Round "?"]
[White "Alberton, Roberto"]
[Black "Bancod, Ronald"]
[Result "0-1"]
[WhiteElo "2140"]
[BlackElo "2400"]
[PlyCount "76"]
[EventDate "1998.08.22"]

1. Nf3 c5 2. c4 Nc6 3. Nc3 g6 4. g3 Bg7 5. Bg2 d6 6. d3 a6 7. O-O Rb8 8. Bd2 b5
9. Rb1 b4 10. Nd5 e6 11. Ne3 Nge7 12. b3 O-O 13. Nc2 h6 14. e3 e5 15. e4 f5 16.
Ne3 f4 17. Nd5 g5 18. Ne1 Nd4 19. f3 Nxd5 20. cxd5 h5 21. g4 hxg4 22. fxg4 a5
23. Bf3 a4 24. Bc1 axb3 25. axb3 Ra8 26. Bb2 Nb5 27. Ra1 Bd7 28. Nc2 Qb6 29.
Kg2 Rxa1 30. Bxa1 Ra8 31. Rh1 Ra2 32. Re1 c4 33. dxc4 Nd4 34. Bxd4 Qxd4 35. Kf1
Qb2 36. Re2 Qxb3 37. Ne3 Qa3 38. Rxa2 Qxa2 0-1

[Event "XVIII Festival Conca della Presolana Magistrale"]
[Site "Bratto - Castione della Presolana ITA"]
[Date "1998.08.??"]
[Round "?"]
[White "Alberton, Roberto"]
[Black "Cebalo, Miso"]
[Result "0-1"]
[WhiteElo "2140"]
[BlackElo "2535"]
[PlyCount "64"]
[EventDate "1998.08.22"]

1. e4 c5 2. Nf3 d6 3. d4 cxd4 4. Nxd4 Nf6 5. Nc3 e6 6. Be2 Be7 7. O-O Nc6 8.
Be3 Bd7 9. f4 Nxd4 10. Qxd4 Bc6 11. Bf3 O-O 12. a4 a6 13. a5 Rc8 14. Rf2 Nd7
15. Rd2 Qc7 16. Kh1 Rfe8 17. Qd3 h6 18. Qf1 Bf6 19. Rd3 Nc5 20. Bxc5 dxc5 21.
e5 Be7 22. Bxc6 Qxc6 23. Ra4 Red8 24. Rc4 Rxd3 25. Qxd3 Rd8 26. Qe2 Rd4 27. h3
Qd7 28. Rxd4 cxd4 29. Qd3 Qd8 30. Ne2 Qxa5 31. Qxd4 Qe1+ 32. Ng1 Bh4 0-1

[Event "XVIII Festival Conca della Presolana Magistrale"]
[Site "Bratto - Castione della Presolana ITA"]
[Date "1998.08.??"]
[Round "?"]
[White "Alberton, Roberto"]
[Black "Cetro, Carlo"]
[Result "1-0"]
[WhiteElo "2140"]
[BlackElo "2190"]
[PlyCount "76"]
[EventDate "1998.08.22"]

1. Nf3 d5 2. d4 Nf6 3. c4 e6 4. Nc3 Be7 5. Bg5 O-O 6. e3 h6 7. Bh4 b6 8. cxd5
Nxd5 9. Bxe7 Qxe7 10. Nxd5 exd5 11. Qa4 Be6 12. Rc1 c5 13. Qa3 Rc8 14. Be2 Nd7
15. dxc5 bxc5 16. O-O a5 17. Nd4 Qf6 18. Nxe6 fxe6 19. Bb5 Nf8 20. Rxc5 Rxc5
21. Qxc5 Qxb2 22. a4 Qe5 23. Qc6 Ra7 24. Rc1 Rf7 25. Qc3 Qf5 26. Rf1 Ra7 27.
Qd4 Qf7 28. e4 dxe4 29. Qxe4 Qf5 30. Qd4 Rb7 31. Qd8 Ra7 32. Qb6 Qf7 33. Rd1
Qc7 34. Qe3 Ra8 35. Rc1 Qd6 36. h4 Ng6 37. Qe4 Rf8 38. Qxg6 Rxf2 1-0

[Event "XVIII Festival Conca della Presolana Magistrale"]
[Site "Bratto - Castione della Presolana ITA"]
[Date "1998.08.??"]
[Round "?"]
[White "Alberton, Roberto"]
[Black "Eynard, Valdo"]
[Result "1-0"]
[WhiteElo "2140"]
[BlackElo "2085"]
[PlyCount "79"]
[EventDate "1998.08.22"]

1. e4 c6 2. d4 d5 3. Nd2 dxe4 4. Nxe4 Nf6 5. Nxf6+ exf6 6. Bc4 Bd6 7. Qe2+ Qe7
8. Qxe7+ Kxe7 9. Ne2 Re8 10. O-O Bf5 11. c3 Nd7 12. Re1 Kf8 13. Bf4 Bxf4 14.
Nxf4 Nb6 15. Bb3 a5 16. a4 Rad8 17. f3 Rxe1+ 18. Rxe1 Nd5 19. Nxd5 cxd5 20. Kf2
Rd6 21. Re2 h6 22. Ke1 Be6 23. Kd1 g5 24. g3 f5 25. f4 f6 26. Kc1 Bf7 27. Bc2
Be8 28. b3 Bd7 29. Rf2 g4 30. Re2 Kf7 31. Bd3 Kf8 32. Rb2 Rb6 33. Bc2 Ke7 34.
b4 Kd6 35. bxa5 Rxb2 36. Kxb2 Kc7 37. Ka3 b6 38. axb6+ Kxb6 39. Kb4 Bc8 40. a5+
1-0

[Event "XVIII Festival Conca della Presolana Magistrale"]
[Site "Bratto - Castione della Presolana ITA"]
[Date "1998.08.??"]
[Round "?"]
[White "Alberton, Roberto"]
[Black "Oppici, Gabriele"]
[Result "1-0"]
[WhiteElo "2140"]
[BlackElo "2085"]
[PlyCount "93"]
[EventDate "1998.08.22"]

1. e4 g6 2. d4 Bg7 3. Nc3 c6 4. Nf3 d5 5. h3 Nf6 6. Bd3 dxe4 7. Nxe4 Nxe4 8.
Bxe4 Nd7 9. O-O O-O 10. c3 Qc7 11. Bg5 e5 12. Bc2 exd4 13. Nxd4 Nc5 14. Qf3 Ne6
15. Nxe6 Bxe6 16. Bb3 Rfe8 17. Rfe1 Bxb3 18. axb3 a6 19. Rad1 Rac8 20. b4 h6
21. Bf4 Rxe1+ 22. Rxe1 Qd8 23. Qe3 g5 24. Bg3 Qd7 25. h4 Bf6 26. Qf3 Kg7 27.
Rd1 Qe7 28. hxg5 hxg5 29. Qd3 Re8 30. Kf1 Rh8 31. Kg1 Re8 32. Kf1 Qf8 33. f3
Qh8 34. Kg1 Rd8 35. Qe2 Re8 36. Qc4 Qh7 37. Qd3 Qh6 38. Qf5 Rh8 39. Be5 Qh1+
40. Kf2 Qh4+ 41. Ke2 Qc4+ 42. Ke3 Rh6 43. Qxg5+ Kh7 44. Qf5+ Kg7 45. Rd4 Qf1
46. Rg4+ Kf8 47. Bd6+ 1-0

[Event "XVIII Festival Conca della Presolana Magistrale"]
[Site "Bratto - Castione della Presolana ITA"]
[Date "1998.08.??"]
[Round "?"]
[White "Arlandi, Ennio"]
[Black "Lantini, Marco"]
[Result "1-0"]
[WhiteElo "2440"]
[BlackElo "2145"]
[PlyCount "41"]
[EventDate "1998.08.22"]

1. d4 Nf6 2. c4 e6 3. Nc3 Bb4 4. Qc2 O-O 5. a3 Bxc3+ 6. Qxc3 d6 7. g3 Qe7 8.
Bg2 e5 9. dxe5 dxe5 10. Nf3 Re8 11. O-O h6 12. b4 e4 13. Nd4 c5 14. Nc2 b6 15.
Bb2 Nc6 16. b5 Ne5 17. f4 exf3 18. exf3 Bf5 19. Rfe1 Qd6 20. Rad1 Nd3 21. Rxe8+
1-0

[Event "XVIII Festival Conca della Presolana Magistrale"]
[Site "Bratto - Castione della Presolana ITA"]
[Date "1998.08.??"]
[Round "?"]
[White "Arlandi, Ennio"]
[Black "Mauro, Alan"]
[Result "0-1"]
[WhiteElo "2440"]
[BlackElo "2260"]
[PlyCount "90"]
[EventDate "1998.08.22"]

1. d4 c5 2. d5 e5 3. e4 d6 4. Nc3 g6 5. a4 a6 6. Be2 Bg7 7. Nf3 Nf6 8. Nd2 O-O
9. Nc4 b6 10. f4 Bb7 11. O-O Ne8 12. fxe5 dxe5 13. a5 Nd7 14. axb6 Nxb6 15. Na5
Bc8 16. Be3 Qd6 17. Nb3 Nd7 18. Na4 f5 19. Nbxc5 Ndf6 20. Ne6 Bxe6 21. Bc5 Qb8
22. dxe6 Nxe4 23. Bxf8 Bxf8 24. Bc4 Be7 25. Kh1 Qb4 26. Bd5 Rd8 27. c3 Qb8 28.
c4 N8f6 29. Qe2 Qa7 30. Rad1 Rxd5 31. cxd5 Ng4 32. g3 Nef2+ 33. Rxf2 Nxf2+ 34.
Kg2 Nxd1 35. Qxd1 Qc7 36. Nc3 Qb6 37. Qe2 e4 38. g4 Qd4 39. gxf5 gxf5 40. Qh5
Qg7+ 41. Kf1 Qg6 42. Qe2 Qg5 43. Qf2 Qg4 44. Qa7 Qf3+ 45. Ke1 Bh4+ 0-1

[Event "XVIII Festival Conca della Presolana Magistrale"]
[Site "Bratto - Castione della Presolana ITA"]
[Date "1998.08.??"]
[Round "?"]
[White "Arlandi, Ennio"]
[Black "Profumo, Alberto"]
[Result "1-0"]
[WhiteElo "2440"]
[BlackElo "2240"]
[PlyCount "47"]
[EventDate "1998.08.22"]

1. d4 Nf6 2. c4 g6 3. Nc3 Bg7 4. e4 d6 5. Nf3 O-O 6. Be2 e5 7. O-O Nc6 8. d5
Ne7 9. Nd2 Ne8 10. b4 f5 11. c5 Kh8 12. a4 c6 13. Nc4 fxe4 14. Bg5 Nf6 15. Bxf6
Bxf6 16. Nxd6 cxd5 17. Nxd5 Nc6 18. Nxe4 Bg7 19. Nd6 Qh4 20. Bc4 Be6 21. Rc1
Nd4 22. Nc7 Bxc4 23. Rxc4 Rad8 24. Ne6 1-0

[Event "XVIII Festival Conca della Presolana Magistrale"]
[Site "Bratto - Castione della Presolana ITA"]
[Date "1998.08.??"]
[Round "?"]
[White "Arlandi, Ennio"]
[Black "Rossi, Carlo"]
[Result "1-0"]
[WhiteElo "2440"]
[BlackElo "2355"]
[PlyCount "147"]
[EventDate "1998.08.22"]

1. d4 g6 2. c4 Bg7 3. e4 d6 4. Nc3 e5 5. Nf3 exd4 6. Nxd4 Nc6 7. Be3 Nge7 8.
Be2 O-O 9. O-O f5 10. Nxc6 bxc6 11. Bf3 Rb8 12. Qd2 c5 13. Bg5 Qd7 14. Rae1
fxe4 15. Bxe4 Nf5 16. Bxf5 Qxf5 17. Nd5 Kh8 18. b3 Bb7 19. Re7 Bxd5 20. Qxd5
Qxd5 21. cxd5 Rf5 22. Be3 Rc8 23. Rd1 Kg8 24. g4 Re5 25. Rxe5 Bxe5 26. f4 Bf6
27. Kf2 Kf7 28. Kf3 c6 29. dxc6 Rxc6 30. Ke4 Ke6 31. f5+ gxf5+ 32. gxf5+ Kd7
33. Kd5 Be5 34. Rf1 Bf6 35. Rf3 h5 36. Rg3 Rc8 37. Rg6 Rf8 38. Bf4 Be7 39. f6
Bxf6 40. Bxd6 Rf7 41. Bxc5 Be7 42. Bxe7 Kxe7 43. Ra6 Kd8 44. Ra4 Kc8 45. Rh4
Rf5+ 46. Ke6 Rg5 47. Kf6 Rg2 48. a4 Rb2 49. b4 a6 50. Kg6 Ra2 51. a5 Rg2+ 52.
Kf5 Rd2 53. Ke5 Rg2 54. Kf5 Rd2 55. Ke5 Rg2 56. Kd6 Rg8 57. Kc6 Kb8 58. Kd6
Rg6+ 59. Kc5 Rg5+ 60. Kc4 Kb7 61. Re4 Kb8 62. Re6 Kb7 63. Rb6+ Ka7 64. Rd6 Rg4+
65. Kc5 h4 66. Rd7+ Kb8 67. h3 Rf4 68. Rd4 Rf5+ 69. Kd6 Rh5 70. Rc4 Kb7 71. Ke6
Kb8 72. Kf6 Kb7 73. Kg6 Rh8 74. Kg5 1-0

[Event "XVIII Festival Conca della Presolana Magistrale"]
[Site "Bratto - Castione della Presolana ITA"]
[Date "1998.08.??"]
[Round "?"]
[White "Astengo, Corrado"]
[Black "Todor, Razvan"]
[Result "1/2-1/2"]
[WhiteElo "2160"]
[BlackElo "2205"]
[PlyCount "47"]
[EventDate "1998.08.22"]

1. e4 c5 2. Nf3 d6 3. d4 cxd4 4. Nxd4 Nf6 5. Nc3 Bd7 6. Be2 e6 7. Be3 a6 8. f4
Qc7 9. O-O Nc6 10. Nb3 b5 11. Bf3 Rc8 12. Qe1 Be7 13. Qg3 O-O 14. Rae1 Rb8 15.
Bf2 b4 16. Nd5 exd5 17. exd5 Ne5 18. fxe5 dxe5 19. Bd4 Bd6 20. Bxe5 Bxe5 21.
Qxe5 Qxc2 22. Rc1 Qg6 23. Rc7 Bb5 24. Rfc1 1/2-1/2

[Event "XVIII Festival Conca della Presolana Magistrale"]
[Site "Bratto - Castione della Presolana ITA"]
[Date "1998.08.??"]
[Round "?"]
[White "Bancod, Ronald"]
[Black "Bellia, Fabrizio"]
[Result "0-1"]
[WhiteElo "2400"]
[BlackElo "2330"]
[PlyCount "118"]
[EventDate "1998.08.22"]

1. e4 e5 2. Nf3 Nc6 3. Bb5 a6 4. Bxc6 dxc6 5. Nc3 f6 6. d4 exd4 7. Nxd4 c5 8.
Nde2 Qxd1+ 9. Kxd1 Bd7 10. Bf4 O-O-O 11. Ke1 Ne7 12. Rd1 h5 13. h4 Re8 14. f3
Ng6 15. Nd5 Nxf4 16. Nexf4 Rh6 17. Kf2 c4 18. Ne3 b5 19. Rd5 g6 20. Re1 Bc6 21.
Rdd1 Bc5 22. Kf1 Bd6 23. g3 Kb7 24. Kf2 Bc5 25. Kg2 g5 26. Nf5 Rh7 27. Nd5 Re6
28. c3 Rd7 29. Kf1 Kc8 30. Re2 Kb7 31. Red2 Kc8 32. Nd4 Bxd5 33. exd5 Re3 34.
Ne6 Bb6 35. hxg5 fxg5 36. Nxg5 Rg7 37. f4 Rxg3 38. d6 cxd6 39. Rxd6 Rg1+ 40.
Ke2 Re7+ 41. Ne6 Rxd1 42. Kxd1 Rd7 43. Rxd7 Kxd7 44. Ng7 h4 45. Ke2 h3 46. Nh5
a5 47. a3 h2 48. Ng3 Bd8 49. Kf3 Bh4 50. Nh1 Ke6 51. Ke2 Kf5 52. Kf3 a4 53. Ke3
Kg4 54. Ke4 Bg3 55. f5 Bh4 56. Ke3 Kxf5 57. Kf3 Kg5 58. Ke3 Kg4 59. Ke4 Bg5 0-1

[Event "XVIII Festival Conca della Presolana Magistrale"]
[Site "Bratto - Castione della Presolana ITA"]
[Date "1998.08.??"]
[Round "?"]
[White "Bancod, Ronald"]
[Black "Cebalo, Miso"]
[Result "1/2-1/2"]
[WhiteElo "2400"]
[BlackElo "2535"]
[PlyCount "110"]
[EventDate "1998.08.22"]

1. g3 d5 2. Bg2 c5 3. c4 d4 4. Nf3 Nc6 5. d3 e5 6. b4 cxb4 7. a3 Nf6 8. O-O a5
9. Nbd2 h6 10. Re1 Be7 11. axb4 Bxb4 12. Ba3 Bxa3 13. Rxa3 O-O 14. Qc2 Qc7 15.
Rb1 Bd7 16. Qb2 Nb4 17. Nb3 Bc6 18. Nxa5 Nxd3 19. Qa1 Bxf3 20. Bxf3 Nc5 21.
Bxb7 Ra7 22. Bg2 e4 23. Nb3 Rxa3 24. Qxa3 Rb8 25. Nd2 Rxb1+ 26. Nxb1 Qe5 27.
Nd2 d3 28. exd3 exd3 29. Bf3 g5 30. h3 Qd4 31. Kg2 Kg7 32. Qa7 h5 33. Ba8 g4
34. h4 Qe5 35. Qa3 Kg6 36. Qa5 Qd4 37. Qa7 Kg7 38. Qb6 Nfd7 39. Qa5 Ne5 40. Bd5
Ncd7 41. Nf1 Kh7 42. Qd2 Nf3 43. Qe3 Nde5 44. Qxd4 Nxd4 45. Nd2 f5 46. c5 Kg7
47. f4 gxf3+ 48. Nxf3 Ndxf3 49. Bxf3 d2 50. Bd1 Kf6 51. Kf1 f4 52. gxf4 Ng6 53.
c6 Ke7 54. f5 Nxh4 55. f6+ Kd6 1/2-1/2

[Event "XVIII Festival Conca della Presolana Magistrale"]
[Site "Bratto - Castione della Presolana ITA"]
[Date "1998.08.??"]
[Round "?"]
[White "Bancod, Ronald"]
[Black "Esposito, Luca"]
[Result "1-0"]
[WhiteElo "2400"]
[BlackElo "2200"]
[PlyCount "77"]
[EventDate "1998.08.22"]

1. d4 Nf6 2. Nf3 e6 3. Bg5 c5 4. c3 b6 5. Nbd2 Bb7 6. e3 Be7 7. Bd3 Nc6 8. O-O
O-O 9. a3 d5 10. Qe2 a5 11. Rfd1 Re8 12. h3 Nd7 13. Bf4 c4 14. Bc2 f5 15. a4 g5
16. Bh2 h5 17. g4 hxg4 18. hxg4 Rf8 19. Kh1 fxg4 20. Nxg5 Bxg5 21. Qxg4 Rxf2
22. Bf4 Nce5 23. Qg3 Kf7 24. Qxf2 Ng4 25. Qf3 Bxf4 26. Qxf4+ Ndf6 27. Kg2 Qg8
28. Kf3 Rf8 29. Rg1 Ke7 30. Ke2 Qh8 31. Qc7+ Nd7 32. Rxg4 Qh5 33. Rag1 Rg8 34.
Kf3 e5 35. Qxb7 e4+ 36. Bxe4 dxe4+ 37. Qxe4+ Kf7 38. Kf2 Nf6 39. Qb7+ 1-0

[Event "XVIII Festival Conca della Presolana Magistrale"]
[Site "Bratto - Castione della Presolana ITA"]
[Date "1998.08.??"]
[Round "?"]
[White "Bancod, Ronald"]
[Black "Farago, Ivan"]
[Result "0-1"]
[WhiteElo "2400"]
[BlackElo "2530"]
[PlyCount "94"]
[EventDate "1998.08.22"]

1. e4 e6 2. Qe2 c5 3. g3 Nc6 4. Bg2 g6 5. Nf3 Bg7 6. O-O Nge7 7. c3 O-O 8. d3
e5 9. Nbd2 d6 10. b3 h6 11. Bb2 Bg4 12. h3 Be6 13. a3 Qd7 14. Kh2 f5 15. b4
Rae8 16. b5 Nd8 17. a4 g5 18. d4 exd4 19. cxd4 d5 20. exf5 Bxf5 21. Ne5 Qc7 22.
Rac1 c4 23. Ba3 Ne6 24. Bxe7 Nxd4 25. Bxd5+ Kh7 26. Qxc4 Qxe7 27. Qxd4 Bxe5 28.
Qxa7 Rd8 29. Qxb7 Qxb7 30. Bxb7 Rxd2 31. Rc5 Bd3 32. Rd5 Kh8 33. Kg1 Bc7 34.
Rd7 Bb6 35. Bg2 Rfxf2 36. Rxf2 Bxf2+ 37. Kh2 h5 38. h4 g4 39. Rd5 Bb6 40. Rxh5+
Kg7 41. Rg5+ Kh6 42. Re5 Bd4 43. Re6+ Kh5 44. Kh1 Be2 45. Re4 Bf3 46. Bxf3 gxf3
47. Rf4 Rd1+ 0-1

[Event "XVIII Festival Conca della Presolana Magistrale"]
[Site "Bratto - Castione della Presolana ITA"]
[Date "1998.08.??"]
[Round "?"]
[White "Bancod, Ronald"]
[Black "Sbarra, Marco"]
[Result "1-0"]
[WhiteElo "2400"]
[BlackElo "2270"]
[PlyCount "71"]
[EventDate "1998.08.22"]

1. e4 e5 2. Nf3 d6 3. d4 Nf6 4. Nc3 Nbd7 5. g3 Be7 6. Bg2 O-O 7. O-O Re8 8. h3
c6 9. a4 Bf8 10. Re1 Qc7 11. a5 Rb8 12. Be3 b5 13. axb6 axb6 14. d5 cxd5 15.
exd5 Bb7 16. Nd2 Rec8 17. Qe2 b5 18. Nxb5 Qxc2 19. Na7 Rc7 20. Nc6 Rbc8 21.
Rec1 Qxb2 22. Qd3 e4 23. Nxe4 Ne5 24. Nxf6+ gxf6 25. Qf5 Nxc6 26. Be4 Bg7 27.
Qxh7+ Kf8 28. Bh6 f5 29. Bxf5 Ne7 30. Bxc8 Rxc8 31. Rxc8+ Bxc8 32. Qh8+ Ng8 33.
Ra8 Qb1+ 34. Kh2 Qc2 35. Qxg7+ Ke7 36. Bg5+ 1-0

[Event "XVIII Festival Conca della Presolana Magistrale"]
[Site "Bratto - Castione della Presolana ITA"]
[Date "1998.08.??"]
[Round "?"]
[White "Barberi, Alessandro"]
[Black "Profumo, Alberto"]
[Result "0-1"]
[WhiteElo "2160"]
[BlackElo "2240"]
[PlyCount "64"]
[EventDate "1998.08.22"]

1. d4 Nf6 2. c4 g6 3. Nc3 Bg7 4. g3 O-O 5. Bg2 d6 6. e4 e5 7. Nge2 c6 8. O-O
Nbd7 9. h3 a6 10. a4 a5 11. Be3 exd4 12. Nxd4 Qe7 13. Qc2 Nc5 14. Rad1 Re8 15.
Rfe1 Bd7 16. Bf4 Nh5 17. Nf5 Bxf5 18. Bxd6 Qe6 19. exf5 Qxe1+ 20. Rxe1 Rxe1+
21. Kh2 Na6 22. g4 Rd8 23. Bg3 Nxg3 24. Kxg3 Nb4 25. Qb3 Be5+ 26. Kh4 Kg7 27.
c5 Rd4 28. Ne4 Rdxe4 29. Bxe4 Rxe4 30. Qf3 Rd4 31. Qe2 g5+ 32. Kxg5 Bf6+ 0-1

[Event "XVIII Festival Conca della Presolana Magistrale"]
[Site "Bratto - Castione della Presolana ITA"]
[Date "1998.08.??"]
[Round "?"]
[White "Barberi, Alessandro"]
[Black "Ragonese, Lucio Rosario"]
[Result "1-0"]
[WhiteElo "2160"]
[BlackElo "2035"]
[PlyCount "93"]
[EventDate "1998.08.22"]

1. d4 g6 2. c4 Bg7 3. Nc3 d6 4. e4 Nf6 5. f3 O-O 6. Be3 Nbd7 7. Nh3 c5 8. Be2
cxd4 9. Bxd4 Nc5 10. Nf2 Ne6 11. Be3 Nh5 12. Qd2 Bd7 13. Nd5 Nf6 14. Nxf6+ Bxf6
15. O-O Qc7 16. Rac1 Bc6 17. Rfd1 Rfd8 18. b3 b6 19. f4 Qb7 20. Bf3 Qa6 21. g4
Qa3 22. Rc2 Nc5 23. g5 Bg7 24. Bd4 Bxd4 25. Qxd4 Ne6 26. Qd2 Rac8 27. Ng4 Qc5+
28. Kh1 Ba8 29. Qc3 Ng7 30. b4 Qc7 31. Nh6+ Kf8 32. f5 d5 33. exd5 Qf4 34. fxg6
hxg6 35. Qd3 Qxg5 36. Ng4 Qf4 37. Rf1 b5 38. c5 Rxd5 39. Qe3 Qxg4 40. Bxg4 Rd3+
41. Kg1 Rxe3 42. Bxc8 Ne8 43. c6 Nd6 44. Bd7 Re4 45. a3 Re3 46. c7 Bb7 47.
c8=Q+ 1-0

[Event "XVIII Festival Conca della Presolana Magistrale"]
[Site "Bratto - Castione della Presolana ITA"]
[Date "1998.08.??"]
[Round "?"]
[White "Barberi, Alessandro"]
[Black "Samaritani, Fabio"]
[Result "0-1"]
[WhiteElo "2160"]
[BlackElo "2305"]
[PlyCount "86"]
[EventDate "1998.08.22"]

1. d4 Nf6 2. c4 g6 3. Nc3 d5 4. cxd5 Nxd5 5. e4 Nxc3 6. bxc3 Bg7 7. Bc4 c5 8.
Ne2 O-O 9. Be3 Nc6 10. O-O cxd4 11. cxd4 Bg4 12. f3 Na5 13. Bd3 Be6 14. d5 Bxa1
15. Qxa1 f6 16. Rb1 Bd7 17. e5 b6 18. Qd4 e6 19. f4 f5 20. Ba6 Bc8 21. Bxc8
Qxc8 22. Rc1 Qa6 23. Nc3 Rfd8 24. d6 Rac8 25. d7 Rc6 26. Nd5 Rxc1+ 27. Bxc1 Qc4
28. Nf6+ Kf7 29. Qd2 Qc5+ 30. Kh1 Nc4 31. Qc3 b5 32. a3 Qf2 33. h3 h5 34. Kh2
h4 35. a4 a6 36. axb5 axb5 37. Qb4 Qg3+ 38. Kg1 Qd3 39. Kh2 Qf1 40. Nh7 Qxc1
41. Ng5+ Kg8 42. Qe7 Qxf4+ 43. Kg1 Qd4+ 0-1

[Event "XVIII Festival Conca della Presolana Magistrale"]
[Site "Bratto - Castione della Presolana ITA"]
[Date "1998.08.??"]
[Round "?"]
[White "Barberi, Alessandro"]
[Black "Zoldan, Matteo"]
[Result "1-0"]
[WhiteElo "2160"]
[BlackElo "2115"]
[PlyCount "93"]
[EventDate "1998.08.22"]

1. d4 Nf6 2. c4 g6 3. Nc3 Bg7 4. g3 O-O 5. Bg2 d6 6. e4 e5 7. Nge2 c6 8. O-O
Nbd7 9. h3 exd4 10. Nxd4 Re8 11. Be3 Qe7 12. Qc2 h6 13. Rad1 Nc5 14. Rfe1 a5
15. Bf4 Nfd7 16. Ndb5 Ne5 17. Nxd6 Rd8 18. Nxc8 Raxc8 19. Rxd8+ Rxd8 20. Rd1
Nxc4 21. Rxd8+ Qxd8 22. b3 Qd3 23. Qxd3 Nxd3 24. Bxh6 Bxh6 25. bxc4 Bg7 26. Nb1
Bd4 27. Kf1 Kf8 28. a3 Ke7 29. Ke2 Nb2 30. f4 Kd6 31. Nd2 f6 32. h4 a4 33. g4
g5 34. e5+ Kc5 35. exf6 Bxf6 36. Ne4+ Kxc4 37. Nxf6 gxh4 38. Kd2 Kc5 39. Ne4+
Kd5 40. Kc3 Nd1+ 41. Kb4 h3 42. Nc3+ Ke6 43. Bxh3 Nf2 44. Bf1 Nxg4 45. Bh3 Kf5
46. Ne2 b5 47. Kc5 1-0